Contractual procedures in the construction industry / (Record no. 11018)
[ view plain ]
| 000 -LEADER | |
|---|---|
| fixed length control field | 01171cam a22003255a 4500 |
| 001 - CONTROL NUMBER | |
| control field | 14014497 |
| 005 - DATE AND TIME OF LATEST TRANSACTION | |
| control field | 20180802121900.0 |
| 008 - FIXED-LENGTH DATA ELEMENTS--GENERAL INFORMATION | |
| fixed length control field | 050624t2006 enka frb 001 0 eng d |
| 010 ## - LIBRARY OF CONGRESS CONTROL NUMBER | |
| LC control number | 2005050969 |
| 015 ## - NATIONAL BIBLIOGRAPHY NUMBER | |
| National bibliography number | GBA570819 |
| Source | bnb |
| 016 7# - NATIONAL BIBLIOGRAPHIC AGENCY CONTROL NUMBER | |
| Record control number | 013278577 |
| Source | Uk |
| 020 ## - INTERNATIONAL STANDARD BOOK NUMBER | |
| International Standard Book Number | 0131298275 |
| 020 ## - INTERNATIONAL STANDARD BOOK NUMBER | |
| International Standard Book Number | 9780131298279 |
| 035 ## - SYSTEM CONTROL NUMBER | |
| System control number | (OCoLC)ocm60798548 |
| 040 ## - CATALOGING SOURCE | |
| Original cataloging agency | DLC |
| Language of cataloging | eng |
| Transcribing agency | DLC |
| Modifying agency | UKM |
| -- | BWKUK |
| -- | DLC |
| -- | EG-ScBUE |
| -- | EG-ScBUE |
| 043 ## - GEOGRAPHIC AREA CODE | |
| Geographic area code | e-uk-en |
| 082 04 - DEWEY DECIMAL CLASSIFICATION NUMBER | |
| Classification number | 343.42078624 |
| Item number | ASH |
| Edition number | 22 |
| 100 1# - MAIN ENTRY--PERSONAL NAME | |
| Personal name | Ashworth, Allan. |
| Fuller form of name | (Allan) |
| 9 (RLIN) | 23174 |
| 245 10 - TITLE STATEMENT | |
| Title | Contractual procedures in the construction industry / |
| Statement of responsibility, etc | Allan Ashworth. |
| 250 ## - EDITION STATEMENT | |
| Edition statement | 5th ed. |
| 260 ## - PUBLICATION, DISTRIBUTION, ETC. (IMPRINT) | |
| Place of publication, distribution, etc | Harlow ; |
| -- | New York : |
| Name of publisher, distributor, etc | Pearson / Prentice Hall, |
| Date of publication, distribution, etc | c.2006. |
| 300 ## - PHYSICAL DESCRIPTION | |
| Extent | xxi, 490 p. : |
| Other physical details | ill. ; |
| Dimensions | 24 cm. |
| 504 ## - BIBLIOGRAPHY, ETC. NOTE | |
| Bibliography, etc | Includes bibliographical references and index. |
| 650 #7 - SUBJECT ADDED ENTRY--TOPICAL TERM | |
| Topical term or geographic name as entry element | Construction contracts |
| Geographic subdivision | England. |
| Source of heading or term | BUEsh |
| 9 (RLIN) | 23175 |
| 650 #7 - SUBJECT ADDED ENTRY--TOPICAL TERM | |
| Topical term or geographic name as entry element | Construction industry |
| General subdivision | Law and legislation |
| Geographic subdivision | England. |
| Source of heading or term | BUEsh |
| 9 (RLIN) | 23176 |
| 651 ## - SUBJECT ADDED ENTRY--GEOGRAPHIC NAME | |
| Source of heading or term | BUEsh |
| 653 ## - INDEX TERM--UNCONTROLLED | |
| Resource For college | Law |
| -- | BAEPS, Political Science |
| Arrived date list | August2015 |
| -- | August2018 |
| 942 ## - ADDED ENTRY ELEMENTS (KOHA) | |
| Source of classification or shelving scheme | Dewey Decimal Classification |
| Withdrawn status | Item status | Source of classification or shelving scheme | Damaged status | Not for loan | Vendor | Home library | Current library | Shelving location | Date acquired | Source of acquisition | Total Checkouts | Total Renewals | Full call number | Barcode | Date last seen | Date last borrowed | Koha item type | Cost, normal purchase price |
|---|---|---|---|---|---|---|---|---|---|---|---|---|---|---|---|---|---|---|
| Dewey Decimal Classification | Baccah | Central Library | Central Library | First floor | 05/03/2009 | Purchase | 1 | 1 | 343.42078624 ASH | 000015284 | 15/07/2025 | 18/09/2014 | Book - Borrowing | |||||
| Dewey Decimal Classification | Baccah | Central Library | Central Library | First floor | 05/03/2009 | Purchase | 343.42078624 ASH | 000015283 | 15/07/2025 | NB - Book (Non borrowing) | ||||||||
| Dewey Decimal Classification | Baccah | Central Library | Central Library | First floor | 18/04/2011 | Purchase | 343.42078624 ASH | 000023291 | 15/07/2025 | Book - Borrowing | 180.00 | |||||||
| Dewey Decimal Classification | Baccah | Central Library | Central Library | First floor | 02/08/2018 | Purchase | 1 | 343.42078624 ASH | 000043475 | 15/07/2025 | 04/11/2019 | Book - Borrowing |